LEADER 02899nam0 2200361 i 450 001 CFI0542569 005 20251003044143.0 010 $a8849503814 020 $aIT$b2003-350 100 $a20151217d2002 ||||0itac50 ba 101 | $aita 102 $ait 181 1$6z01$ai $bxxxe 182 1$6z01$an 200 1 $aˆL'‰approccio strategico alla pianificazione$euna verifica concettuale ed empirica di un caso di studio$ele trasformazioni urbane di Barcellona$fTeresa Amodio 210 $aNapoli \etc.!$cEdizioni scientifiche italiane$d\2002! 215 $a287 p.$d24 cm. 225 | $aPubblicazioni della Facoltà di economia, Università degli studi del Sannio, Benevento$i. Sezione economica$v8 410 0$1001IEI0136816$12001 $aPubblicazioni della Facoltà di economia, Università degli studi del Sannio, Benevento$i. Sezione economica$v8$171201$aUniversità degli studi del Sannio$b : Facoltà di economia$3CFIV177289 606 $aBARCELLONA$xURBANISTICA$2FIR$3MILC068823$9I 606 $aBarcellona$xPianificazione$2FIR$3CFIC132114$9I 676 $a307.1216094672$9COMUNITA URBANE. PIANIFICAZIONE. Barcellona$v21 676 $a711.4094672$9PIANI E PIANIFICAZIONE MUNICIPALE. Provincia di Barcellona$v21 700 1$aAmodio$b, Teresa$3CFIV199032$4070$0276075 801 3$aIT$bIT-000000$c20151217 850 $aIT-BN0095 $aIT-NA0079 901 $bNAP BN$cMAGAZZINO $nmagazzini correnti divisi per anni 901 $bNAP 01$cPOZZO LIB.$nVi sono collocati fondi di economia, periodici di ingegneria e scienze, periodici di economia e statistica e altri fondi comprendenti documenti di economia pervenuti in dono. 912 $aCFI0542569 950 0$aBiblioteca Centralizzata di Ateneo$c1 v. in cinque copie$d 01POZZO LIB.ECON MON 5872$e 01C 0080011845E VMA 1 v. (Precedente collocazione: EC C 00 1184)$fB $h20130327$i20130327$c1 v. in cinque copie$d 01POZZO LIB.ECON MON 5872$e 01C 0080011855E VMA (bis 1 v. (2.. copia; precedente EC (C) 1185)$fB $h20130327$i20130327$c1 v. in cinque copie$d 01POZZO LIB.ECON MON 5872$e 01C 0080011865E VMA (ter 1 v. (3. copia. - Precedente collocazione: EC (C) 00 1186)$fB $h20130327$i20130327$c1 v. in cinque copie$d 01POZZO LIB.ECON MON 5872$e 01C 0080011875E VMA (quater 1 v. (4. copia; Precedente collocazione 00 EC 1187)$fB $h20130327$i20130327$c1 v. in cinque copie$d 01POZZO LIB.ECON MON 5872$e 01C 0080011885E VMA (quinquies 1 v. (5. copia; Precedente collocazione 00 EC 1188)$fB $h20130327$i20130327$c1 v.$d 01POZZO LIB.F. CORTI 322$e 01 0000124635E VMA 1 v.$fB $h20230904$i20230907 977 $a 01$a BN 996 $aApproccio strategico alla pianificazione$963630 997 $aUNISANNIO LEADER 02215nam 22006733 450 001 9910591169603321 005 20250905110039.0 010 $a3-631-84597-9 010 $a3-631-84596-0 024 7 $a10.3726/b17978 035 $a(CKB)4940000000599666 035 $a(MiAaPQ)EBC6561903 035 $a(Au-PeEL)EBL6561903 035 $a(OCoLC)1247663233 035 $a(oapen)https://directory.doabooks.org/handle/20.500.12854/91725 035 $a(oapen)doab91725 035 $a(ODN)ODN0006227583 035 $a(EXLCZ)994940000000599666 100 $a20210901d2021 uy 0 101 0 $aeng 135 $aurcnu|||||||| 181 $ctxt$2rdacontent 182 $cc$2rdamedia 183 $acr$2rdacarrier 200 10$aFamily, Taboo and Communism in Poland, 1956-1989 210 $aBern$cPeter Lang International Academic Publishing Group$d2021 210 1$aFrankfurt a.M. :$cPeter Lang GmbH, Internationaler Verlag der Wissenschaften,$d2021. 210 4$d©2021. 215 $a1 online resource (232 pages) 225 1 $aPolish Studies - Transdisciplinary Perspectives ;$vv.36 311 08$a3-631-83807-7 330 $aBy using the perceptions of divorce, single motherhood, domestic violence and aborionas examples, the book answers fundamental questions pertaining to the processes of negotiating mentalityshifts in communist Poland in the years 1956-1989. 410 0$aPolish Studies - Transdisciplinary Perspectives 606 $aHistory$2bicssc 610 $a1956 610 $a1989 610 $aabortion 610 $aCommunism 610 $adivorce 610 $adomestic violence 610 $aEast Central Europe 610 $aFamily 610 $agender history 610 $ahistory of family 610 $aKlich 610 $aKluczewska 610 $aPoland 610 $aTaboo 615 7$aHistory 700 $aBurzyn?ski$b Jan$01164089 701 $aGauger$b Soren$01256464 701 $aKlich-Kluczewska$b Barbara$01256465 801 0$bMiAaPQ 801 1$bMiAaPQ 801 2$bMiAaPQ 906 $aBOOK 912 $a9910591169603321 996 $aFamily, Taboo and Communism in Poland, 1956-1989$92912415 997 $aUNINA